Histoire des relations internationales (XXe siècle) : personnages - Statistiques

Statistiques générales
  • Ce quiz a été pris 90 fois
  • Le résultat moyen est 13 sur 83
Statistiques - réponses
Hint Réponse % Correct
Dictateur nazi, responsable de la Seconde Guerre mondiale et de l'Holocauste. Adolf Hitler
83%
Dictateur fasciste italien, créateur du fascisme et allié d'Hitler pendant la Seconde Guerre mondiale. Benito Mussolini
75%
Parti politique d'extrême droite en Allemagne, dirigé par Hitler, responsable du nazisme. NSDAP
56%
32e président des États-Unis, figure dominante de la Seconde Guerre mondiale et du New Deal. Franklin Delano Roosevelt
47%
Organisation paramilitaire nazie, impliquée dans la terreur politique et les violences des premiers jours du nazisme. SA
40%
Auteur britannique, connu pour ses œuvres critiques de l'autoritarisme, notamment "1984" et "La Ferme des animaux". George Orwell
38%
Homme politique français, chef du gouvernement sous la Troisième République et initiateur du Front Populaire. Léon Blum
38%
Homme politique français, ministre et diplomate, figure clé de la politique de réconciliation après la Première Guerre mondiale. Aristide Briand
36%
Dictateur soviétique, leader de l'Union soviétique et responsable de nombreuses purges et répressions. Joseph Staline
35%
Dirigeant chinois, fondateur de la République populaire de Chine, architecte du maoïsme. Mao Zedong
33%
Leader révolutionnaire cubain, responsable de la transformation de Cuba en un État socialiste. Fidel Castro
28%
Homme politique français, Premier ministre sous Vichy, collaborateur de l'Allemagne nazie. Pierre Laval
26%
37e président des États-Unis, impliqué dans le scandale du Watergate. Richard Nixon
26%
Premier ministre britannique, leader pendant la Seconde Guerre mondiale, connu pour sa résistance à Hitler. Winston Churchill
26%
Homme politique français, Premier ministre pendant la Seconde Guerre mondiale et signataire des accords de Munich. Édouard Daladier
25%
35e président des États-Unis, célèbre pour sa gestion de la crise des missiles de Cuba et son appel à l'unité mondiale. John Fitzgerald Kennedy
25%
40e président des États-Unis, connu pour sa politique conservatrice et sa fin de la Guerre froide. Ronald Reagan
25%
Dernier dirigeant de l'URSS, réformateur qui a introduit la perestroïka et glasnost. Mikhaïl Gorbatchev
24%
Roi d'Italie, dont le règne a été marqué par l'ascension du fascisme.Roi d'Italie, dont le règne a été marqué par l'ascension du fascisme. Victor-Emmanuel III
24%
31e président des États-Unis, connu pour sa gestion de la crise de 1929. Herbert Hoover
22%
Leader révolutionnaire vietnamien, fondateur de la République démocratique du Vietnam. Ho Chi Minh
21%
39e président des États-Unis, connu pour sa politique de droits de l'homme et son rôle dans les accords de Camp David. Jimmy Carter
21%
Groupes paramilitaires fascistes en Italie, soutenant Mussolini. Les Chemises noires
21%
Dirigeant soviétique, connu pour ses réformes et sa confrontation avec les États-Unis pendant la Guerre froide. Nikita Khrouchtchev
21%
Leader palestinien, président de l'Autorité palestinienne et chef de l'OLP. Yasser Arafat
19%
Philosophe et écrivain français, théoricien de l'Action Française, mouvement monarchiste et nationaliste. Charles Maurras
18%
33e président des États-Unis, qui a pris la décision d'utiliser les bombes atomiques sur Hiroshima et Nagasaki. Harry S. Truman
18%
Dirigeant soviétique, connu pour la période de stagnation économique en URSS. Léonid Brejnev
18%
Chancelier allemand, connu pour sa politique de détente envers l'Est (Ostpolitik). Willy Brandt
18%
Premier dirigeant de la Corée du Nord, fondateur de la dynastie des Kim. Kim Il-sung
17%
Leader du syndicat Solidarność et président de la Pologne. Lech Wałęsa
17%
38e président des États-Unis, successeur de Nixon après le Watergate. Gerald Ford
15%
Organisation paramilitaire nazie, précurseur de la SS, impliquée dans des actes de violence. Les Chemises Brunes
15%
Maréchal allemand et président de la République de Weimar, qui a permis l'ascension de Hitler. Paul von Hindenburg
15%
Leader chinois, réformateur qui a ouvert la Chine aux réformes économiques. Deng Xiaoping
14%
Leader spirituel et politique de l'indépendance de l'Inde, défenseur de la non-violence. Mahatma Gandhi
14%
Premier ministre d'Israël, leader de la création de l'État juif. David Ben Gourion
13%
Membres du Parti bolchévique dirigé par Lénine, révolutionnaires russes ayant mené à la Révolution d'Octobre 1917. Les bolchéviques
13%
Photographe américaine célèbre pour ses images de la Grande Dépression. Dorothea Lange
11%
Roi du Maroc, leader de l'indépendance marocaine contre la France. Mohammed V
11%
Leader nationaliste chinois, opposé à Mao Zedong. Tchang Kaï-chek
11%
Premier ministre israélien, signataire des accords d'Oslo avec les Palestiniens. Yitzhak Rabin
11%
Président égyptien, connu pour la paix avec Israël. Anouar el-Sadate
10%
Homme politique allemand, ministre des Affaires étrangères, promoteur de la réconciliation européenne après la Première Guerre mondiale. Gustav Stresemann
10%
Président de la République tchèque, dissident et auteur influent. Vaclav Havel
10%
Premier président de la Tunisie, défenseur de la laïcité et des réformes sociales. Habib Bourguiba
8%
Collaborateur français, chef de la Milice, soutien au régime de Vichy. Joseph Darnand
8%
Président de l'Égypte, défenseur du panarabisme et du socialisme arabe. Gamal Abdel Nasser
7%
Chef du régime de Vichy en France, collaborateur avec l'Allemagne nazie. Henri Philippe Pétain
7%
Réalisateur américain, pionnier du cinéma classique hollywoodien, célèbre pour ses westerns. John Ford
7%
Dirigeant de la Yougoslavie, fondateur du non-alignement. Josip Broz Tito
7%
Corps d’élite militaire italien pendant la Première Guerre mondiale, symbolisant un nationalisme exacerbé. Les Arditi
7%
Philosophe et sociologue français, critique du marxisme et défenseur de la démocratie libérale. Raymond Aron
7%
Fondateur du mouvement sioniste, défenseur du retour des Juifs en Palestine. Theodor Herzl
7%
Dirigeant soviétique, connu pour la doctrine Jdanov et la répression culturelle en URSS. Andrei Jdanov
6%
Leader de la révolution iranienne, fondateur de la République islamique d'Iran. Ayatollah Khomeiny
6%
34e président des États-Unis, ancien général, leader pendant la Seconde Guerre mondiale. Dwight David Eisenhower
6%
Première ministre d'Israël, figure emblématique de la politique israélienne. Golda Meir
6%
Premier ministre de l'Inde, architecte de la politique moderne indienne. Jawaharlal Nehru
6%
Premier président de l'Indonésie, leader de l'indépendance contre les Néerlandais. Sukarno
6%
Premier président de la Corée du Sud, leader anti-communiste. Syngman Rhee
6%
Officier de marine et homme politique français, collaborateur sous Vichy. François Darlan
4%
Philosophe et théoricien du fascisme en Italie. Giovanni Gentille
4%
Maréchal de France, héros de la Seconde Guerre mondiale. Jean de Lattre de Tassigny
4%
Premier ministre israélien, militaire de premier plan. Ariel Sharon
3%
Premier ministre britannique pendant la Première Guerre mondiale. David Lloyd George
3%
Diplomate et théoricien américain, architecte de la politique de containment durant la Guerre froide. George Frost Kennan
3%
Spécialiste d'histoire contemporaine, du nazisme et de l'Allemagne Johann Chapoutot
3%
Leader politique afghan, figure clé de la révolution communiste de 1978. Taraki
3%
Journaliste et analyste politique américain, influent pendant le 20e siècle. Walter Lippmann
3%
Diplomate français, signataire de l'accord Sykes-Picot. François Georges-Picot
1%
Pendant l'Occupation, il dénonça les déportations de Juifs, le STO et les exactions nazies. Jules-Géraud Salliege
1%
Membres du FLN, mouvement indépendantiste algérien luttant contre la colonisation française. Les Algériens nationalistes
1%
Mouvements politiques d'extrême droite, souvent antirépublicains, présents durant la Troisième République. Ligue d'extrême droite
1%
Diplomate britannique, signataire de l'accord Sykes-Picot, divisant le Moyen-Orient. Lord Sykes
1%
Historien et écrivain, acteur du mouvement intellectuel français pendant l'entre-deux-guerres. March Bloch
1%
Spécialiste de l'Italie fasciste Marie-Anne Matard-Bonucci
1%
Premier ministre israélien, signataire des accords de paix de Camp David. Menahem Begin
1%
Fonctionnaire français sous Vichy, impliqué dans la collaboration avec les nazis. René Bousquet
1%
Homme politique britannique, signataire de la Déclaration Balfour, soutenant la création d'un foyer national juif en Palestine. Arthur James Balfour
0%
Conseiller américain, financier et homme politique, influent pendant la Seconde Guerre mondiale. Bernard Baruch
0%
Secrétaire d'État américain, architecte de la politique étrangère de la Guerre froide. John Foster Dulles
0%
Premier président du Vietnam du Sud, renversé par un coup d'État. Ngô Đình Diệm
0%
Aucun quiz correspondant
Distribution des résultats
% des personnes avec chaque résultat
Percentile par nombre de réponses
Votre historique - résultats
Vous n’avez pas pris ce quiz